000 00651nam a2200217Ia 4500
005 20241129110129.0
008 241129s9999||||xx |||||||||||||| ||und||
020 _a978-1-032-66822-2
037 _aTB
040 _aARTS
_beng
_cARTS
041 _aeng
_2eng
084 _aO111949G:g R3
_qARTS
100 _aKarmakar Gautam Ed.; Khan Zeenat Ed.
_9727315
245 0 _aNarratives of trauma in South Aisan literature
_cKarmakar Gautam Ed.; Khan Zeenat Ed.
260 _aUK
_bRoutledge
_c2023
300 _axiv,280p.
365 _aINR
_b1295
650 _aEnglish Literature
942 _cTB
_hO111949G:g R3
999 _c1227419
_d1227419